000 00626nam a22002177a 4500
005 20251108165542.0
008 250721s1986 xx 000 0 ara d
082 1 4 _aط/ 612.85/غري
100 1 _aغريبين، ماري
245 1 0 _aحاسة السمع /
264 1 _aبيروت :
_bالمؤسسة العربية للدراسات،
_c1986.
300 _a31ص : مص
490 0 _aمكتبتي الاولي
650 1 7 _aالسمع
650 1 7 _aالأذن
650 1 7 _aالصوت
653 _aناشئون صغار ( 10-14 سنة )
700 1 _aشاهين، عيسي
942 _2ddc
_cBK
999 _c30596
_d30596